| 000 | 00999nam a2200241 i 4500 | ||
|---|---|---|---|
| 001 | bg | ||
| 245 | 1 | 0 |
_aNiektóre aktualne problemy chemicznego i mechano-chemicznego niszczenia metali : _bpraca zbiorowa / _cPolska Akademia Nauk. Biuro Kadr Naukowych i Spraw Osobowych ; [red. Zuzanna Śmiałowska]. |
| 260 |
_aWrocław [etc.] : _bZakład Narodowy im. Ossolińskich : _bWydawnictwo Polskiej Akademii Nauk, _c1975. |
||
| 300 |
_a397 s. : _bil. ; _c21 cm. |
||
| 500 | _aPrace przygot. na kurs pt. "Niektóre aktualne problemy chemicznego i mechano-chemicznego niszczenia metali" Jabłonna 2-14 czerwca 1975. | ||
| 504 | _aBibliogr. po rozdz. | ||
| 650 | 9 | _aMetaloznawstwo | |
| 650 | 9 |
_aKorozja _xbadanie |
|
| 650 | 9 | _aTrybologia | |
| 650 | 9 |
_aNaprężenia i odkształcenia _xbadanie |
|
| 700 | 1 |
_aŚmiałowska, Zuzanna _d(1925- ). _eRed. |
|
| 040 | _cBPK | ||
| 041 | _apol | ||
| 044 | _aPOL | ||
| 080 | _a669.017:620.193:539.3/.6 | ||
| 942 | _cKS | ||
| 008 | s pl f |000 0 pol | ||
| 999 |
_c50778 _d50778 |
||
| 856 |
_uhttp://koha.tu.koszalin.pl/cgi-bin/koha/opac-detail.pl?biblionumber=50778 _yKatalog online BPK |
||